1730 1550 1772 1503 1089 1790 1120 1417 1300 1879 1121 1424 1420 1920 1825 1005 1610 1725 1831 1340 1163 1507 1891 1493 1361 1303 1288 1600 1570 1261 1528 1950 1821 1520 1902 1572 1990 1349 1001 1070 1213 1847 1100 1211 1967 1066 1739 1632 1689 1212 1012 1655 1863 1882 1846 1227 1325 1562 1520 1096 1246 1981 1178 1545 1766 1457 1541 1780 1116 1267 1613 1021 1569 1363 1358 1576 1622 1590 1169 1667 1893 1713 1236 1837 1153 1314 1599 1703 1920 1257 1525 1882 1389 1948 1607 1493 1739 1932 1699 BCNSPRNW ULIB Ver.6.0+V

เปลี่ยนเป็นภาษาไทย

Change to English
 แสดงรายละเอียดบรรณานุกรม
  กลับหน้าหลัก

Brief Record : Get Marc (ISO 2709) : E-mail record : QR code < ปิดหน้าต่าง
LEADER : 00000nam 2200000uu 4500
001    13399125394
003     ULIB
008    170524s2559||||th 000 0 tha d
020    ^a9786165519380
060  0 ^aWO275^bว774พ
245 00 ^aตำราพื้นฐานวิสัญญีวิทยา /^cบรรณาธิการ อรลักษณ์ รอดอนันต์ และปองขวัญ จินาวรณ์
250    ^aพิมพ์ครั้งที่ 1
260    ^aกรุงเทพฯ :^bจุฬาลงกรณ์มหาวิทยาลัย,^c2559
300    ^a444 หน้า :^bภาพประกอบ
650  7 ^aวิสัญญีวิทยา
650  7 ^aยาระงับความรู้สึก
650  7 ^aระงับความรู้สึก
700 0  ^aบรรณาธิการ อรลักษณ์ รอดอนันต์
710 1  ^aปองขวัญ จินาวรณ์
945    ^p0^l0^i002218
945    ^p0^l0^i002219
945    ^p0^l0^i002220
945    ^p0^l0^i002221
945    ^p0^l0^i002222
945    ^p0^l0^i002223
945    ^p0^l0^i002224
945    ^p0^l0^i002225
945    ^p0^l0^i002226
945    ^p0^l0^i002227
999    ^aวรรณษา ชูชัยมงคล
รายการนี้ยังไม่มีแท็ก
คุณยังไม่ได้ล็อกอิน คุณสามารถมีกิจกรรมร่วมกับเว็บไซต์ได้ แต่ต้องล็อกอินก่อน ::
  ล็อกอิน

รายการสื่อสารสนเทศ

ลำดับที่ ประเภท เลขเรียก/บาร์โค้ด สถานที่ สถานะ
1. วิทยาศาสตร์การแพทย์ และสุขภาพ
วิทยาศาสตร์การแพทย์ และสุขภาพ
สถานะ=หนังสือเก่า
WO275 ว774พ ฉ.1 
  Barcode: 002218
ห้องสมุดวิทยาเขตสวรรค์ประชารักษ์
►ส่วนจัดเก็บหนังสือเก่า สปร
บนชั้น
  ขอยืม
2. วิทยาศาสตร์การแพทย์ และสุขภาพ
วิทยาศาสตร์การแพทย์ และสุขภาพ
สถานะ=หนังสือเก่า
WO275 ว774พ ฉ.10 
  Barcode: 002227
ห้องสมุดวิทยาเขตสวรรค์ประชารักษ์
►ส่วนจัดเก็บหนังสือเก่า สปร
บนชั้น
  ขอยืม
3. วิทยาศาสตร์การแพทย์ และสุขภาพ
วิทยาศาสตร์การแพทย์ และสุขภาพ
สถานะ=หนังสือเก่า
WO275 ว774พ ฉ.2 
  Barcode: 002219
ห้องสมุดวิทยาเขตสวรรค์ประชารักษ์
►ส่วนจัดเก็บหนังสือเก่า สปร
บนชั้น
  ขอยืม
4. วิทยาศาสตร์การแพทย์ และสุขภาพ
วิทยาศาสตร์การแพทย์ และสุขภาพ
สถานะ=หนังสือเก่า
WO275 ว774พ ฉ.3 
  Barcode: 002220
ห้องสมุดวิทยาเขตสวรรค์ประชารักษ์
►ส่วนจัดเก็บหนังสือเก่า สปร
บนชั้น
  ขอยืม
5. วิทยาศาสตร์การแพทย์ และสุขภาพ
วิทยาศาสตร์การแพทย์ และสุขภาพ
สถานะ=หนังสือเก่า
WO275 ว774พ ฉ.4 
  Barcode: 002221
ห้องสมุดวิทยาเขตสวรรค์ประชารักษ์
►ส่วนจัดเก็บหนังสือเก่า สปร
บนชั้น
  ขอยืม
6. วิทยาศาสตร์การแพทย์ และสุขภาพ
วิทยาศาสตร์การแพทย์ และสุขภาพ
สถานะ=หนังสือเก่า
WO275 ว774พ ฉ.5 
  Barcode: 002222
ห้องสมุดวิทยาเขตสวรรค์ประชารักษ์
►ส่วนจัดเก็บหนังสือเก่า สปร
บนชั้น
  ขอยืม
7. วิทยาศาสตร์การแพทย์ และสุขภาพ
วิทยาศาสตร์การแพทย์ และสุขภาพ
WO275 ว774พ ฉ.6 
  Barcode: 002223
ห้องสมุดวิทยาเขตสวรรค์ประชารักษ์
►หนังสือทั่วไป
บนชั้น
8. วิทยาศาสตร์การแพทย์ และสุขภาพ
วิทยาศาสตร์การแพทย์ และสุขภาพ
สถานะ=หนังสือเก่า
WO275 ว774พ ฉ.7 
  Barcode: 002224
ห้องสมุดวิทยาเขตสวรรค์ประชารักษ์
►ส่วนจัดเก็บหนังสือเก่า สปร
บนชั้น
  ขอยืม
9. วิทยาศาสตร์การแพทย์ และสุขภาพ
วิทยาศาสตร์การแพทย์ และสุขภาพ
สถานะ=หนังสือเก่า
WO275 ว774พ ฉ.8 
  Barcode: 002225
ห้องสมุดวิทยาเขตสวรรค์ประชารักษ์
►ส่วนจัดเก็บหนังสือเก่า สปร
บนชั้น
  ขอยืม
10. วิทยาศาสตร์การแพทย์ และสุขภาพ
วิทยาศาสตร์การแพทย์ และสุขภาพ
สถานะ=หนังสือเก่า
WO275 ว774พ ฉ.9 
  Barcode: 002226
ห้องสมุดวิทยาเขตสวรรค์ประชารักษ์
►ส่วนจัดเก็บหนังสือเก่า สปร
บนชั้น
  ขอยืม

รายการใกล้เคียง
    หัวเรื่อง [วิสัญญีวิทยา]
    หัวเรื่อง [ยาระงับความรู้สึก]
    หัวเรื่อง [ระงับความรู้สึก]

BibComment


ยังไม่เคยถูกคอมเมนท์

คอมเมนท์ทรัพยากรรายการนี้
  คอมเมนท์: ตำราพื้นฐานวิสัญ..


 Copyright 2026. Bcnsprnw @Library